| 000 | 01258cam a2200277 4500 | ||
|---|---|---|---|
| 002 | 7802 | ||
| 008 | 040607n2004 000 0 eng u | ||
| 020 | _a1853289566 | ||
| 035 | _a(Sirsi) u126427 | ||
| 041 | _aeng | ||
| 050 |
_a346.4104343 _c18 |
||
| 050 |
_a346.420434 _c22 |
||
| 100 | _aHunter, Jason | ||
| 245 |
_aBusiness tenancies _ba guide to the new law |
||
| 260 |
_aLondon _bLaw Society _c2004 |
||
| 300 |
_axvii, 182p. _c24cm. |
||
| 350 | _a39.95 | ||
| 520 | _aProvides a clear explanation of the reforms to the Landlord and Tenant Act 1954 Part II, introduced by the Regulatory Reform Order (Business Tenancies) (England and Wales) 2003. Chapters cover: notices; application to court and time limits; interim rent; contracting out of the protection of the Act; compensation; and changes to the Civil Procedure Rules 1998. Appendices include the full text of key legislation. | ||
| 650 | _aBUSINESS TENANCIES | ||
| 650 | _aLANDLORD AND TENANT ACT 1954 PART II | ||
| 650 | _aREGULATORY REFORM (BUSINESS TENANCIES) (ENGLAND AND WALES) ORDER 2003 | ||
| 650 | _aLANDLORD AND TENANT ACT 1954 PART II (NOTICES) REGULATIONS 2004 | ||
| 650 | _aCIVIL PROCEDURE RULES 1998 | ||
| 690 | _aLANDLORD AND TENANT-BUSINESS TENANCIES | ||
| 942 | _n0 | ||
| 999 |
_c103616 _d103616 |
||